000 00840cam a2200205 4500
001 WB3645-33
008 000000n2000 000 0 eng u
035 _a(Sirsi) u109378
245 _aTenants welcome FBT review
260 _c2000
490 _aFarmers Guardian
_v 10 November 2000, 2(1)
520 _aGovernment promises a review of the impact of Farm Business Tenancies (FBTs) in June 2001. Outlines some of the concerns of the Tenant Farmers Association concerning FBTs. One major sticking point being that FBTs offer tenants little security of tenure, with the average term on holdings being four years.
590 _aWB
650 _aFARM BUSINESS TENANCIES
650 _aTENANT FARMERS
650 _aSECURITY OF TENURE
650 _aTENANT FARMERS ASSOCIATION
690 _aRURAL-FARM BUSINESS MANAGEMENT
942 _n0
999 _c65291
_d65291